Online Catalogue and eLibrary

Colonialism in Sri Lanka : (Record no. 2583)

MARC details
000 -LEADER
fixed length control field 00479nam a2200169Ia 4500
005 - DATE AND TIME OF LATEST TRANSACTION
control field 20240405014748.0
008 - FIXED-LENGTH DATA ELEMENTS--GENERAL INFORMATION
fixed length control field 240331s9999 xx 000 0 und d
020 ## - INTERNATIONAL STANDARD BOOK NUMBER
ISBN 9027930805
082 ## - DDC Classification
Item Number - Author Mark BAN
Class No. 330.95
100 ## - MAIN ENTRY--PERSONAL NAME
Personal name Bandarage, Asoka
245 #0 - TITLE STATEMENT
Title Colonialism in Sri Lanka :
Remainder of title the political economy of the Kandyan Highlands 1833-1886
260 ## - PUBLICATION, DISTRIBUTION, ETC.
Place of publication, distribution, etc. Colombo :
Name of publisher, distributor, etc. Lake House investments LTD /
Date of publication, distribution, etc. 1950
300 ## - PHYSICAL DESCRIPTION
Extent (e.g. Volumes, Pages etc.) 404 p .,s
650 ## - SUBJECT ADDED ENTRY--TOPICAL TERM
Topical term or geographic name entry element Economic
650 ## - SUBJECT ADDED ENTRY--TOPICAL TERM
Topical term or geographic name entry element History
942 ## - Koha item type (Biblio)
Koha item type Books in Stacks (Lending)
Holdings
Lost status Damaged status Collection code Home library Current library Shelving location Date acquired Full call number Accession Number Item type
    Lending WERC Library WERC Library Social Science Cupboard 03/31/2024 330.954 BAN 623 Books in Stacks (Lending)

© WERC Library